Central Library, Doon University
WEBOPAC (ONLINE PUBLIC ACCESS CATALOGUE)

Water Quality (Record no. 60768)

MARC details
000 -LEADER
fixed length control field 00528nam a22001937a 4500
005 - DATE & TIME
control field 20260512162645.0
008 - FIXED-LENGTH DATA ELEMENTS--GENERAL INFORMATION
fixed length control field 260512b |||||||| |||| 00| 0 eng d
020 ## - ISBN
International Standard Book Number 9788126560370
Price 1195.00
040 ## - CATALOGING SOURCE
Original cataloging agency Doon University
041 ## - Language
Language English
082 ## - DDC NUMBER
Classification number 628.16
Book Number PER
100 ## - MAIN ENTRY--PERSONAL NAME
Personal name Perry, James
245 ## - TITLE STATEMENT
Title Water Quality
Sub Title : Management of a Natural Resource
260 ## - PUBLICATION, DISTRIBUTION, ETC. (IMPRINT)
Place of publication, distribution, etc New Delhi
Name of publisher, distributor, etc Wiley Blackwell
Date of publication, distribution, etc 2016
300 ## - PHYSICAL DESCRIPTION
Pages 639
650 ## - Subject
Subject Geology (PM USHA)
700 ## - Added Entry Personal Name
Added Entry Personal Name Elizabeth, Vanderklein
942 ## - ADDED ENTRY ELEMENTS (KOHA)
Koha item type Books
100 ## - MAIN ENTRY--PERSONAL NAME
-- 26790
650 ## - Subject
-- 26712
700 ## - Added Entry Personal Name
-- 26791
952 ## - LOCATION AND ITEM INFORMATION (KOHA)
-- 2026-05-12
952 ## - LOCATION AND ITEM INFORMATION (KOHA)
-- 2026-05-12
952 ## - LOCATION AND ITEM INFORMATION (KOHA)
-- 2026-05-12
Holdings
Withdrawn status Lost status Source of classification or shelving scheme Damaged status Not for loan Location (home branch) Sublocation or collection (holding branch) Date acquired Koha full call number Accession No. Koha date last seen Koha item type Koha issues (times borrowed)
        Not For Loan Doon University Doon University 12.05.2026 628.16 PER 32992 12.05.2026 Reference  
          Doon University Doon University 12.05.2026 628.16 PER 32993 12.05.2026 Books  
          Doon University Doon University 12.05.2026 628.16 PER 32994 12.05.2026 Books  
Contact : +91-135-2533126 (Library),+91-135-2533105 (Admin Office) , Email : doonlibrary@gmail.com

Powered by Koha